Statistics for Geography by Letter - F

Click here to take the quiz!

General Stats

  • This quiz has been taken 64,859 times
    (41,495 since last reset)
  • The average score is 14 of 20

Answer Stats

Hint Answer % Correct
America's “Sunshine State”Florida
98%
Helsinki is its capitalFinland
97%
Japan's tallest mountainFuji
94%
Pacific island nationFiji
92%
Financial capital of GermanyFrankfurt
88%
Capital of TuscanyFlorence
85%
Currency of SwitzerlandFranc
85%
Islands fought over by Argentina and the UKFalklands
85%
Person from the PhilippinesFilipino
85%
Narrow, deep inlet. Many can be
found on the coast of Norway
Fjord
84%
Moroccan city or a cylindrical red hatFez
75%
Former Chinese imperial palace{Forbidden} City
68%
San Andreas, for exampleFault
68%
Dutch-speaking region of BelgiumFlanders
62%
Dallas neighborFort Worth
53%
Capital of Sierra LeoneFreetown
52%
Danish island chain
between Britain and Iceland
Faroe
51%
Central Alaskan cityFairbanks
39%
Northern Arizona city on Route 66Flagstaff
32%
Canadian bay with the world's highest tidesFundy
29%

Score Distribution

Percentile by Number Answered

Percent of People with Each Score

Your Score History

You have not taken this quiz since the last reset